000 00780nam a2200265Ia 4500
005 20260121170440.0
008 008 260114s9999 xx 000 0 eng d
020 _a9789811079863
037 _aEBOOK
040 _aCRL
040 _beng
040 _cCRL
041 _2eng
041 _aeng
084 _qCRL
100 _aLimin Jia, Yong Qin, Jianguo Suo, Jianghua Feng, Lijun Diao, Min An
_91064017
245 0 _aProceedings of the 3rd International Conference on Electrical and Information Technologies for Rail Transportation (EITRT) 2017
260 _bSpringer
260 _bSpringer
260 _c2018
856 _uhttps://link.springer.com/openurl?genre=book&isbn=978-981-10-7986-3
942 _cEBOOK
999 _c1629746
_d1629746